Quiz o powiecie strzelecko-drezdeneckim - Statystyki

Ogólne statystyki
  • Ten quiz został rozwiązany 20 razy
    4 od ostatniego zresetowania
  • Średni wynik to 9 z 11
Statystyki odpowiedzi
Podpowiedź Odpowiedź % Poprawnych
Najpopularniejsza miejscowość wypoczynkowa w powiecie; posiadająca przystań żeglarską, sklepy i ośrodek kolonijny Długie
100%
Park Narodowy na terenie powiatu Drawieński Park Narodowy
100%
Jezioro, nad którym znajduje się plaża w powyższej miejscowości Lipie
100%
Najdłuższa rzeka powiatu Noteć
100%
Gmina wiejska w granicach powiatu Stare Kurowo | Zwierzyn
100%
Jedyne miasto, które nie posiada w swoich granicach administracyjnych czynnej stacji kolejowej Strzelce Krajeńskie
100%
Symbol pojawiający się na herbie powiatu Lilia | Twierdza | Róża
67%
Wieś pod Dobiegniewem z pałacem, w której mieści się hotel otwarty dla zwiedzających Mierzęcin
67%
Sąsiadujący od wschodu powiat, którego nazwa również składa się z aż dwóch miast wchodzących w jego skład Powiat Czarnkowsko-Trzcianecki
67%
Aktor grający Marka Nawrockiego w serialu komediowym Rodzinka.pl Jacek Braciak
33%
Starosta Radosław Świekatowski
33%
Nie znaleziono quizów pasujących do podanych kryteriów
Rozkład punktacji
Procent ludzi z każdym wynikiem
Percentyl według liczby udzielonych odpowiedzi
Twoja historia wyników
Nie rozwiązałeś tego quizu od ostatniego zresetowania